000 00495nam a2200181Ia 4500
005 20250923144412.0
008 008 250917s9999 xx 000 0 eng d
037 _aTextual
040 _aDSWL
_beng
_cDSWL
041 _aeng
_2eng
084 _aY1:450S, E2
_qDSWL
100 _aHolmes, Thomas
_9824521
245 0 _aPsychology and crime
_cby Thomas Holmes
260 _aLondon
_c1912
300 _a88 p.
942 _cTEXL
_hY1:450S, E2
999 _c1438402
_d1438402